000 00962nam a2200241Ia 4500
003 OSt
005 20220918110702.0
006 a|||||r|||| 00| 0
007 ta
008 220915b |||||||| |||| 00| 0 hin d
024 _a215646
037 _cReference Collections
040 _aARTS
_cARTS
_bhin
041 _2hin
_ahin
082 _aO152,6M972x, M8.1-.5(RR)
100 _aदुबे, लक्ष्मीनारायण, संपा.
_98989
245 0 _aबालकृष्ण शर्मा नवीन
_b गद्य रचनावली
246 _aBālakṛuṣhṇa sharmā navīna: gadya rachanāvalī
260 _aइलाहाबाद
_bसाहित्यवाणी
_c1988
650 _aहिन्दी साहित्य
942 _hO152,6M972x, M8.1-.5(RR)
_cREF
999 _c114004
_d114004